00424 2200169 4500001002100000005001500021035002000036245004000056100001200096250001700108300003200125260003300157082001100190084001700201020002200218650001400240INLIS00000000000043320240630050127 a0010-06240001421 aBudi Daya Kacang Panjang /cAsripah0 aAsripah acetakan ke-1 aiv, 60 hlm :bilus ;c21 cm aJakarta :bAzka Press,c2007 a631.53 a631.53 ASR b a978-979-121-137-6 4aBudi Daya